| 000 | 01444nam a22002777a 4500 | ||
|---|---|---|---|
| 001 | 113776 | ||
| 003 | DR-UNIBE | ||
| 005 | 20250702114215.0 | ||
| 008 | 250625b2015 dr ||||| |||| 00| 0 spa d | ||
| 020 | _a9789945594096 | ||
| 040 |
_aBIBLIOTECA UNIBE _bspa _cBIBLIOTECA UNIBE _erda |
||
| 041 | _aspa | ||
| 082 | _aF-RD 5984 | ||
| 100 |
_aGonzález, Fabián _eautor _9196550 |
||
| 245 | 1 | 0 |
_aGuía : _bsalud emocional : proyecto creciendo en bienestar escuela de familia / _cFabián González |
| 260 |
_aSanto Domingo : _bInstituto Tecnológico de Santo Domingo (INTEC) : _bComedores Económicos del Estado Dominicano (CEED) : _bCREM, _c2013 |
||
| 300 | _a29 páginas | ||
| 505 | _aSobre esta guía | Propósitos | Temas tratados en esta guía | A modo de introducción | Cuido de mí y también de ti | Analizo qué me desequilibra | Reconociendo mis emociones. | Herramientas para el manejo de emociones | Actividades | Palabras de ánimo | El viejo y el nuevo yo | Calendario de bienestar | Para cultivar emociones te invitamos a que | Mi nueva historia | Referencias | | ||
| 650 | 7 |
_2lemb _aSalud mental |
|
| 650 | 7 |
_2lemb _aEmociones |
|
| 700 |
_aLora, Isabel _eeditor _9196893 |
||
| 700 |
_aRosario, Fari, _d1981 - _957550 _eeditor _ecorrector |
||
| 700 |
_aFreixas, Verouschka _eiustrador _953440 |
||
| 700 |
_dCruz, Jesús Alberto de la _ediseñador _ediagramador _9196894 |
||
| 942 |
_2ddc _cMX |
||
| 999 |
_c113776 _d113776 |
||